Carpal Bones Quiz - Statistics

General Stats
  • This quiz has been taken 254 times
  • The average score is 6 of 8
Answer Stats
Hint Answer % Correct
2nd in Proximal Row Lunate
86%
1st in Proximal Row Scaphoid
85%
2nd in Distal Row Trapezoid
84%
1st in Distal Row Trapezium
83%
4th in Distal Row Hamate
80%
4th in Proximal Row Pisiform
76%
3rd in Distal Row Capitate
69%
3rd in Proximal Row Triquetrum
64%
No matching quizzes found
Score Distribution
Percent of People with Each Score
Percentile by Number Answered
Your Score History
You have not taken this quiz